brawl stars every season (2023 december) - Statistics

General Stats
  • This quiz has been taken 17 times
  • The average score is 8 of 21
Answer Stats
# Season Season name % Correct
1 tara's bazaar.
75%
2 Summer of Monsters.
56%
21 bizarre circus
50%
9 brawlywood.
50%
16 candyland.
50%
5 the starr force!
44%
3 welcome to starr park!
44%
17 mystery at the hub.
38%
6 the goldarm gang.
38%
12 the stuntshow.
38%
11 biodome.
31%
19 enchanted woods.
31%
15 ghost station.
31%
4 holiday getaway.
31%
7 jurassic splash.
31%
8 once upon a brawl.
31%
14 robot factory.
31%
18 the rescue.
31%
10 year of the tiger.
31%
13 the deep sea brawl.
25%
20 back to ranger ranch.
19%
No matching quizzes found
Score Distribution
Percent of People with Each Score
Percentile by Number Answered
Your Score History
You have not taken this quiz